| 000 | 00359nam a2200133Ia 4500 | ||
|---|---|---|---|
| 008 | 220204s9999 xx 000 0 und d | ||
| 082 |
_a65+301(540) _bKUP |
||
| 100 | _aKuppuswamy, B | ||
| 245 | 0 | _aCommunication and social development in India | |
| 260 |
_aNew Delhi _bSterling _c1976 |
||
| 650 | _aCommunication process | ||
| 650 | _aMass media | ||
| 942 | _cBK | ||
| 999 |
_c25384 _d25384 |
||